| 000 | 00707nam a22002177a 4500 | ||
|---|---|---|---|
| 003 | 0 | ||
| 005 | 20250827105702.0 | ||
| 008 | 250827b xxu||||| |||| 00| 0 eng d | ||
| 020 | _a979-8-89161-664-6 | ||
| 050 |
_aP 95.8 _b.B46 2025 |
||
| 100 |
_aBennett, Cole, _eauthor. |
||
| 245 |
_aGlobal media and politics / _cCole Bennett. |
||
| 260 |
_aJersey City, USA : _bAlexis Press, _c2025. |
||
| 300 |
_ax, 274 pages : _billustrations ; _c27 cm. |
||
| 504 | _aIncludes bibliographical references and index. | ||
| 650 |
_aMass media _xPolitical aspects. |
||
| 650 |
_aMass media _xInternational aspects. |
||
| 650 | _aCommunication in politics. | ||
| 650 | _aGlobalization and mass media. | ||
| 942 |
_2lcc _cBK |
||
| 999 |
_c367633 _d367633 |
||